Statystyki dla Celtic Kings Rage of War - wymień wszystkie jednostki

Kliknij tutaj aby rozwiązać quiz!

Ogólne statystyki

  • Ten quiz został rozwiązany 5 razy
  • Średni wynik to 20 z 24

Statystyki odpowiedzi

Odpowiedź% Poprawnych
Druid
100%
Gladiator
100%
Kapłan
100%
Legionista
100%
Łucznik
100%
Łucznik
100%
Muł
100%
Oszczepnik
100%
Pretorianin
100%
Włócznik
100%
Wódz Wikingów
100%
Wojowniczka
100%
Wojownik
100%
Wyzwoleniec
100%
Bohater
67%
Bohater
67%
Chłop
67%
Chłopka
67%
Konny
67%
Teutoński jeździec
67%
Teutoński łucznik
67%
Topornik
67%
Zwiadowca
67%
Martwiak
33%

Rozkład punktacji

Percentyl według liczby udzielonych odpowiedzi

Procent ludzi z każdym wynikiem

Twoja historia wyników

Nie rozwiązałeś tego quizu